Visualizzazione normale
Vista MARC
- Spinoza, Baruch de,
di Personal Name
Records bibliografici associati: 1
001 - CONTROL NUMBER
- control field: 61928
003 - CONTROL NUMBER IDENTIFIER
- control field:
005 - DATE AND TIME OF LATEST TRANSACTION
- control field: 20250320182433.0
008 - FIXED-LENGTH DATA ELEMENTS
- fixed length control field: 250320|| aca||aabn | a|a d
040 ## - CATALOGING SOURCE
- Original cataloging agency:
- Transcribing agency:
100 ## - HEADING--PERSONAL NAME
- Personal name: Spinoza, Baruch de,
- Dates associated with a name: 1632-1677.
- Fuller form of name: Spinoza, Benedictus de
670 ## - SOURCE DATA FOUND
- Source citation: Work cat.: ()360457: Spinoza, Baruch de, 1632-1677. Spinoza, Benedictus de,, Die Ethik nach geometrischer Methode dargestellt /, 1989 (Nachdruck).